Diario de Alemania

Saved in:
Bibliografiske detaljer
Hovedforfatter: Rougemont, Denis de (Author)
Format: Bog
Sprog:spansk
Udgivet: Buenos Aires Sudamericana 1939
Fag:
Tags: Tilføj Tag
Ingen Tags, Vær først til at tagge denne postø!

MARC

LEADER 00000nam a2200000 a 4500
001 UCO0808
003 CL-VaPUC
008 000428e19390000AG |||||||||||||||||spa|d
082 0 4 |a 920  |b ROU  |2 21 
100 0 |a Rougemont, Denis de  |e author  |9 442343 
245 1 0 |a Diario de Alemania 
300 |a 191 p 
942 |c BK 
945 |d 20000428 00:00:00  |a rherrera 
260 |a Buenos Aires  |b Sudamericana  |c 1939 
650 0 |a Diarios   |9 420844 
650 0 |a Historia de Alemania  |9 431857 
650 7 |a TERCER REICH  |2 CL-VaPUC  |9 439830 
651 0 |a Alemania  |9 255688 
583 |a last modification  |c 20000428 00:00:00  |k Rodrigo Vera 
999 |c 287454  |d 287452 
952 |0 0  |1 0  |4 0  |6 920_000000000000000_ROU_1939  |7 0  |8 X  |9 334316  |a BIBHIS  |b BIBHIS  |d 2019-11-20  |i 1266535  |o 920 ROU 1939  |p 1266535  |r 2024-01-30  |w 2019-11-20  |y BK_X  |k HIS